| 000 | 00845nam a2200241 i 4500 | ||
|---|---|---|---|
| 001 | bg | ||
| 100 | 1 |
_aKORZENIEWSKI, Krzysztof _d(1930- ) |
|
| 245 | 1 | 0 |
_aOchrona środowiska morskiego / _cKrzysztof Korzeniewski. |
| 260 |
_aGdańsk : _bWydaw. Uniwersytetu Gdańskiego, _c1998. |
||
| 300 |
_a180, [1] s. : _bmapy, rys., wykr. ; _c24 cm. |
||
| 504 | _aBibliogr. s. 171-[179]. | ||
| 650 | 9 |
_aMorze _xhigiena i ochrona |
|
| 650 | 9 | _aSubstancje niebezpieczne i szkodliwe | |
| 655 | _aPodręczniki | ||
| 020 | _a8370178332 | ||
| 040 | _cBPK | ||
| 041 | 0 | _apol | |
| 080 | _a504.4.05(26):614.87](07) | ||
| 920 | _a83-7017-833-2 | ||
| 942 | _cKS | ||
| 008 | s pl f |000 0 pol | ||
| 999 |
_c45738 _d45738 |
||
| 856 |
_uhttp://koha.tu.koszalin.pl/cgi-bin/koha/opac-detail.pl?biblionumber=45738 _yKatalog online BPK |
||